Seamanship (Record no. 1228024)

MARC details
000 -LEADER
fixed length control field 00953nam a2200301 a 4500
001 - CONTROL NUMBER
control field vtls001791780
003 - CONTROL NUMBER IDENTIFIER
control field NLI
005 - DATE AND TIME OF LATEST TRANSACTION
control field 20210629044212.0
008 - FIXED-LENGTH DATA ELEMENTS--GENERAL INFORMATION
fixed length control field 140215s1897 xx f 000 0 eng
039 #9 - LEVEL OF BIBLIOGRAPHIC CONTROL AND CODING DETAIL [OBSOLETE]
-- 201402152201
-- VLOAD
040 ## - CATALOGING SOURCE
Original cataloging agency NLI
Language of cataloging eng
Transcribing agency Entertech IMP - 2013
Description conventions AACR2
041 0# - LANGUAGE CODE
Language code of text/sound track or separate title eng
044 ## - COUNTRY OF PUBLISHING/PRODUCING ENTITY CODE
MARC country code xx
082 ## - DEWEY DECIMAL CLASSIFICATION NUMBER
Classification number 131
100 1# - MAIN ENTRY--PERSONAL NAME
Personal name Nares, George Strong,
Titles and words associated with a name Sir
9 (RLIN) 1179597
245 10 - TITLE STATEMENT
Title Seamanship
-- ncluding names of principal parts of a ship; masts, sails, yards etc. /
Statement of responsibility, etc. George Strong Nares ; revised by Commander T.P. Walker
250 ## - EDITION STATEMENT
Edition statement 7th enl ed.
260 ## - PUBLICATION, DISTRIBUTION, ETC.
Place of publication, distribution, etc. Portsmouth :
Name of publisher, distributor, etc. Griffin,
Date of publication, distribution, etc. 1897
300 ## - PHYSICAL DESCRIPTION
Extent viii, [2] p, 1 1, 334 p. :
Other physical details ill, plates. (part. col. & part. fold) ;
Dimensions 22 cm.
500 ## - GENERAL NOTE
General note Brittle
650 #0 - SUBJECT ADDED ENTRY--TOPICAL TERM
Topical term or geographic name entry element Seamanship
9 (RLIN) 712279
650 #0 - SUBJECT ADDED ENTRY--TOPICAL TERM
Topical term or geographic name entry element Shipping
9 (RLIN) 678555
887 ## - NON-MARC INFORMATION FIELD
Content of non-MARC field
901 ## - LOCAL DATA ELEMENT A, LDA (RLIN)
a IMP18650
902 ## - LOCAL DATA ELEMENT B, LDB (RLIN)
a 131 G 131
949 ## - LOCAL PROCESSING INFORMATION (OCLC)
-- VIRTUAITEM
-- 10000
-- 100
6 IMP000018650ENG
942 ## - ADDED ENTRY ELEMENTS (KOHA)
Source of classification or shelving scheme Dewey Decimal Classification
Koha item type Books
Holdings
Withdrawn status Lost status Damaged status Not for loan Home library Current library Date acquired Total Checkouts Full call number Barcode Date last seen Price effective from Koha item type
        National Library of India National Library of India     131 G 131 IMP000018650ENG 29/06/2021 29/06/2021 Books
                                                                           
web counter

Copyright ©2020 The National Library of India, Govt. of India ↔ Hosted by NVLI, MOC ↔ Technology and Design by National Library of India, Ministry of Culture, Govt. of India